Second Blair Ministry 2001 - Statistics

General Stats
  • This quiz has been taken 6 times
  • The average score is 5 of 23
Answer Stats
Hint Answer % Correct
Chancellor of the Exchequer Gordon Brown
100%
Prime Minister Tony Blair
100%
Foreign Secretary Jack Straw
75%
Deputy Prime Minister John Prescott
75%
Home Secretary David Blunkett
50%
Leader of the House of Commons Robin Cook
50%
Secretary for International Development Clare Short
25%
Secretary for Environment Margaret Beckett
25%
Secretary for Health Alan Milburn
0%
Secretary for Work & Pensions Alistair Darling
0%
Chief Secretary to the Treasury Andrew Smith
0%
Lord Chancellor Derry Irvine
0%
Secretary for Education Estelle Morris
0%
Leader of the House of Lords Gareth Williams
0%
Secretary for Defence Geoff Hoon
0%
Secretary for Scotland Helen Liddell
0%
Chief Whip Hilary Armstrong
0%
Secretary for Northern Ireland John Reid
0%
Secretary for Wales Pat Murphy
0%
Secretary for Trade Patricia Hewitt
0%
Attorney General Peter Goldsmith
0%
Secretary for Transport Stephen Byers
0%
Secretary for Culture, Media & Sport Tessa Jowell
0%
No matching quizzes found
Score Distribution
Percent of People with Each Score
Percentile by Number Answered
Your Score History
You have not taken this quiz